<?xml version="1.0" encoding="UTF-8"?>
<marc:record xmlns:marc="http://www.loc.gov/MARC21/slim">
   <marc:leader>00000nam a2200000 a 4500</marc:leader>
   <marc:datafield ind1="1" ind2=" " tag="100">
      <marc:subfield code="a">Mai, Manfred</marc:subfield>
      <marc:subfield code="4">aut</marc:subfield>
      <marc:subfield code="e">Verfasser/-in</marc:subfield>
   </marc:datafield>
   <marc:datafield ind1="1" ind2=" " tag="100">
      <marc:subfield code="a">Dorkenwald, Petra</marc:subfield>
   </marc:datafield>
   <marc:datafield ind1=" " ind2=" " tag="653">
      <marc:subfield code="a">Lesebuch</marc:subfield>
   </marc:datafield>
   <marc:datafield ind1="0" ind2="0" tag="245">
      <marc:subfield code="a">Das Dschungelbuch</marc:subfield>
   </marc:datafield>
   <marc:datafield ind1="0" ind2="0" tag="245">
      <marc:subfield code="c">neu erzählt von Manfred Mai ; mit Bildern von Petra Dorkenwald</marc:subfield>
   </marc:datafield>
   <marc:datafield ind1=" " ind2="1" tag="264">
      <marc:subfield code="a">München</marc:subfield>
      <marc:subfield code="b">Hase und Igel</marc:subfield>
      <marc:subfield code="c">2018</marc:subfield>
   </marc:datafield>
   <marc:datafield ind1="1" ind2=" " tag="490">
      <marc:subfield code="a">Lesehasen-Bücherei</marc:subfield>
   </marc:datafield>
   <marc:datafield ind1=" " ind2=" " tag="250">
      <marc:subfield code="a">Sonderausgabe mit Silbenhilfe, 1. Auflage</marc:subfield>
   </marc:datafield>
   <marc:datafield ind1="1" ind2=" " tag="520">
      <marc:subfield code="a">Mogli wächst unter Wölfen auf und fürchtet sich vor nichts und niemandem &#x96; nicht einmal vor dem Tiger Shir Khan. Doch eines Tages wird er vom Rudel verstoßen und macht sich allein auf den Weg zu den Menschen. Wird er seine Freunde im Dschungel wiedersehen? Für die Schulausgabe hat Manfred Mai die beliebte Geschichte neu erzählt, ohne dass der Charakter des Originals verloren geht. Der überschaubare Textumfang, die klare Sprache und die ansprechenden Illustrationen machen die Lektüre zu einem Lesevergnügen für Ihre Schüler. Eine zusätzliche Lesehilfe bietet diese Ausgabe durch die farbige Hervorhebung einzelner Silben. Mit der Silbenhilfe werden längere Wörter auf Anhieb in der korrekten Silbierung gelesen und der Text erschließt sich dadurch noch einfacher und schneller.</marc:subfield>
   </marc:datafield>
   <marc:datafield ind1=" " ind2=" " tag="020">
      <marc:subfield code="a">9783867602631</marc:subfield>
      <marc:subfield code="9">9783867602631</marc:subfield>
   </marc:datafield>
   <marc:datafield ind1=" " ind2=" " tag="020">
      <marc:subfield code="a">3867602638</marc:subfield>
      <marc:subfield code="9">3867602638</marc:subfield>
   </marc:datafield>
   <marc:datafield ind1="3" ind2=" " tag="024">
      <marc:subfield code="a">9783867602631</marc:subfield>
   </marc:datafield>
   <marc:datafield ind1=" " ind2=" " tag="041">
      <marc:subfield code="a">ger</marc:subfield>
   </marc:datafield>
   <marc:datafield ind1=" " ind2=" " tag="300">
      <marc:subfield code="a">63 Seiten, Illustrationen</marc:subfield>
   </marc:datafield>
</marc:record>
